LEADER 02095nam a2200409 u 4500 001 000000029881 003 CaOOAMICUS 005 20070226111951.0 008 970630s1961 enk u000 u eng u 035 $a10766144 040 $aPUL$bita 041 1 $aeng$agrc 100 0 $aAristoteles,$d384-322 a.C.$0(OLS)http://pul/name/792 240 10$aAthenensium Respublica$9(Aristoteles, 384-322 a.C.).$lInglese e greco.$0(OLS)http://pul/title/40964 245 14$aThe Athenian constitution ; The Eudemian ethics ; On virtues and vices /$cAristotle ; with an English translation by H. Rackham. 260 $aLondon :$bW. Heinemann ;$aCambridge, Mass. :$bHarvard University Press,$c1961. 300 $avii, 505 p. ;$c17 cm 490 1 $aLoeb classical library 500 $aGreek and English on opposite pages. 500 $aIncludes index. 700 1 $aRackham, H.$q(Harris),$d1868-1944.$0(OLS)http://pul/name/19503 700 02$aAristoteles,$d384-322 a.C.$kOpere spurie e dubbie.$tDe virtutibus et vitiis$9(Aristoteles, 384-322 a.C.)$lInglese e greco.$0(OLS)http://pul/name/24152 700 02$aAristoteles,$d384-322 a.C.$tEthica Eudemia$9(Aristoteles, 384-322 a.C.)$lInglese e greco.$0(OLS)http://pul/name/24151 740 4 $aThe Eudemian ethics. 740 0 $aOn virutes and vices. 830 0$aLoeb classical library.$0(OLS)http://pul/title/4029 850 $aPUL 852 $aPUL$W1$xDP1 Fondo Ciprotti$y59$m1546 D 11$j41324$nBK-PRI$b $qFondi$B41324$CPULBib$Z2$F41324 $H $81 900 $aAristotle,$d 384-322 a.C.$9792 900 $aAristotele,$d384-322 a.C.$9792 941 1 $a1 961 $aINV: F.CIPROTTI 996 $6245$aThe Athenian constitution ; The Eudemian ethics ; On virtues and vices$9(OLS)http://pul/title/40965 996 $6740$aThe Eudemian ethics$9(OLS)http://pul/title/40966 996 $6740$aOn virutes and vices$9(OLS)http://pul/title/40967 996 $6260$aLondon :$bW. Heinemann$9(OLS)http://pul/publisher/49510 996 $6260$aCambridge, Mass. :$bHarvard University Press$9(OLS)http://pul/publisher/49509 LEADER 01133nam a2200241 a 4500 001 000000132732 003 CaOOAMICUS 005 20130208114400.0 008 130208s2012 it m 001 udita r 040 $aPUL$bita 100 1 $aScanu, Maria Pina.$0(OLS)http://pul/name/85530 245 11$a"Perché è detto?" :$baporie nell'interpretazione di Es 19-20 alla luce della Mekhilta de-Rabbi Yishma'el /$cMaria Pina Scanu. 260 $aRoma :$bPontificio Istituto Biblico,$c2012. 300 $a82 p. ;$c24 cm 502 $aEstratto da tesi -- Pontificio Istituto Biblico. Facoltà biblica. 2012. 504 $aBibliografia p. [59]-75. 710 2 $aPontificio istituto biblico.$bFacoltà biblica.$kTesi.$0(OLS)http://pul/name/82255 850 $aPUL 852 $aPUL$W1$xDP1 Tesi Pon. Ist. Biblico$y33$m2012 B 4$j150310$qTesi$B152096$CPULBib$Z2$F152096 $82 941 1 $a16 996 $6245$a"Perché è detto?" :$baporie nell'interpretazione di Es 19-20 alla luce della Mekhilta de-Rabbi Yishma'el$9(OLS)http://pul/title/167710 996 $6260$aRoma :$bPontificio Istituto Biblico$9(OLS)http://pul/publisher/49008